000 00376nam a2200169Ia 4500
001 29410
003 IN-NITTTR
005 20251114233401.0
008 251113s9999||||xx |||||||||||||| ||eng||
040 _beng
040 _cIN-NITTTR
041 _aeng
082 _a005.14 G93S
100 _aGupta, Hitesh
245 0 _aSoftware testing /
_cGupta, Hitesh
942 _2ddc
_cBK
999 _c32038
_d32038